Countries bordering South Africa - Statistics

General Stats
  • This quiz has been taken 15 times
  • The average score is 5 of 6
Answer Stats
Answer % Correct
Lesotho
100%
Botswana
87%
Namibia
87%
Eswatini
80%
Mozambique
80%
Zimbabwe
80%
No matching quizzes found
Score Distribution
Percent of People with Each Score
Percentile by Number Answered
Your Score History
You have not taken this quiz